000 00496nam a2200193Ia 4500
008 180207s9999 xx 000 0 und d
020 _a9781586681508
050 _bW588 1993
100 _aWhite, Stephen
245 2 _aA tent too full /
245 _cby Stephen White ; illustrated by Darren McKee and Bill Alger.
260 _aNew York :
260 _bScholastic,
260 _c1993
300 _aunpaged :
300 _bcolor illustrations ;
300 _c18cm.
440 _aBarney.
999 _c355824
_d355824